000
00307nam a22001337a 4500
008
170529b xxu||||| |||| 00| 0 eng d
020
_a
9780072460889
041
_a
eng
080
_2
3RD
_a
94(7/8)
100
_a
16
101
_a
SHH
245
_a
THE AMERICAN SOUTH A HISTORY
_c
COOPER,W.J
942
_2
udc
_c
BK
999
_c
14904
_d
14904